000 01035nam0a2200313 4500
001 RU\NLR\BIBL_A\010948967
005 20260405153843.0
010 _a978-5-17-088752-1
_912500
021 _aRU
_b2015-96974
_96019
035 _a(NILC)RuMoRGB-008098079
035 _a(NLR Aleph) 010948967
090 _a10774093
_c10774093
100 _a20160111d2015 |||y0rusy50 ca
101 1 _arus
_ceng
102 _aRU
105 _ay|||z|||000ay
200 1 _aМаленький друг
_eроман
_fДонна Тартт
_gпер. с англ. Анастасии Завозовой
210 _aМосква
_cCORPUS
_cАСТ
_d2015
215 _a635, [1] с.
_d22
309 _aВ вып. дан. и на корешке: 348
333 _a16+
675 _a821.111(73)
686 1 _aШ6(7США)67-446{Лх1979-60}
700 1 _8rus
_7ca
_aТартт
_bД.
_f1963-
_gДонна
_3RU\NLR\AUTH\7764838
_947767
801 0 _aRU
_bРГБ
_c20151217
_gRCR
942 _cBOOK
980 _aNB